02314naa a2200301 a 450000100080000000500110000800800410001910000220006024501590008226000090024152013520025065300250160265300180162765300280164565300260167365300120169965300240171165300180173565300220175365300260177570000190180170000240182070000200184470000190186470000190188370000250190277300850192710632872009-05-12 2007 bl uuuu u00u1 u #d1 aTRINDADE, J.K. da aComposi????o morfol??gica da forragem consumida por bovinos de corte durante o rebaixamento do capim-marandu submetido a estrat??gias de pastejo rotativo. c2007 aO objetivo deste trabalho foi avaliar o efeito de estrat??gias de pastejo rotativo sobre a composi????o morfol??gica da forragem consumida por bovinos de corte em pastos de Brachiaria brizantha cv. Marandu. Os pastejos foram realizados sempre que o dossel atingia 95 ou 100% de intercep????o luminosa (IL) at?? as alturas p??s-pastejo de 10 e 15 cm. Foi avaliada a composi????o morfol??gica das extrusas coletadas de animais fistulados no es??fago em tr??s etapas ao longo do rebaixamento dos pastos. ?? medida que o rebaixamento progrediu, a propor????o de l??minas foliares na extrusa diminuiu e a de colmos e de material morto aumentou. Pastejos iniciados com 100% de IL ou realizados at?? a altura p??s-pastejo de 10 cm resultaram em menor propor????o de l??minas foliares e maior de colmos e de material morto. O tratamento 95/15 foi consistente entre os tratamentos que apresentaram as maiores propor????es de l??minas foliares e menores de colmos e de material e, mesmo no final do rebaixamento, apresentou, ainda, mais de 50% de propor????o de l??minas foliares na extrusa. Os resultados obtidos indicam que, durante o rebaixamento do dossel, pastejos mais freq??entes e menos severos proporcionam aos animais a obten????o de dietas com elevada propor????o de l??minas foliares, o que deve aumentar o valor nutritivo da forragem consumida. aBrachiaria brizantha aCapim-marandu aComponente morfol??gico aComposi????o da dieta aExtrusa aF??stula esofagiana aGado de corte aNutri????o animal aRebaixamento do pasto1 aSILVA, S.C. da1 aJ??NIOR, S.J. de S.1 aGIACOMINI, A.A.1 aZEFERINO, C.V.1 aGUARDA, V.D.A.1 aCARVALHO, P.C. de F. tPesquisa Agropecu??ria Brasileira, Bras??liagv. 42, n.6, p. 883-890, jun. 2007.